<?xml version="1.0" encoding="UTF-8"?>
<record
    xmlns:xsi="http://www.w3.org/2001/XMLSchema-instance"
    xsi:schemaLocation="http://www.loc.gov/MARC21/slim http://www.loc.gov/standards/marcxml/schema/MARC21slim.xsd"
    xmlns="http://www.loc.gov/MARC21/slim">

  <leader>00890nam a2200241 a 4500</leader>
  <controlfield tag="001">55802</controlfield>
  <controlfield tag="003">BD-RjUL</controlfield>
  <controlfield tag="005">20211209080321.0</controlfield>
  <controlfield tag="008">161122s1945    ii ||||| |||| 00| 0 ben d</controlfield>
  <datafield tag="020" ind1=" " ind2=" ">
    <subfield code="c">: TK 3.00 </subfield>
  </datafield>
  <datafield tag="035" ind1=" " ind2=" ">
    <subfield code="a">(BD-RjUL)55926</subfield>
  </datafield>
  <datafield tag="040" ind1=" " ind2=" ">
    <subfield code="a">BD-RjUL</subfield>
    <subfield code="b">ben </subfield>
    <subfield code="c">BD-RjUL</subfield>
  </datafield>
  <datafield tag="041" ind1=" " ind2=" ">
    <subfield code="a">ben </subfield>
  </datafield>
  <datafield tag="082" ind1=" " ind2=" ">
    <subfield code="2">23 </subfield>
    <subfield code="a">891.4414 </subfield>
    <subfield code="b">TAC 1945 </subfield>
  </datafield>
  <datafield tag="100" ind1=" " ind2=" ">
    <subfield code="a">&#x9A0;&#x9BE;&#x995;&#x9C1;&#x9B0;, &#x9B0;&#x9AC;&#x9C0;&#x9A8;&#x9CD;&#x9A6;&#x9CD;&#x9B0;&#x9A8;&#x9BE;&#x9A5; </subfield>
    <subfield code="9">166151</subfield>
  </datafield>
  <datafield tag="245" ind1="1" ind2="0">
    <subfield code="a">&#x99A;&#x9BF;&#x9A0;&#x9BF;&#x9AA;&#x9A4;&#x9CD;&#x9B0; /</subfield>
    <subfield code="c">&#x9B0;&#x9AC;&#x9C0;&#x9A8;&#x9CD;&#x9A6;&#x9CD;&#x9B0;&#x9A8;&#x9BE;&#x9A5; &#x9A0;&#x9BE;&#x995;&#x9C1;&#x9B0; </subfield>
  </datafield>
  <datafield tag="260" ind1=" " ind2=" ">
    <subfield code="a">&#x995;&#x9B2;&#x9BF;&#x995;&#x9BE;&#x9A4;&#x9BE; :</subfield>
    <subfield code="b">&#x9AC;&#x9BF;&#x9B6;&#x9CD;&#x9AC;&#x9AD;&#x9BE;&#x9B0;&#x9A4;&#x9C0;, </subfield>
    <subfield code="c">&#x9E7;&#x9EF;&#x9EA;&#x9EB; [&#x9E7;&#x9E9;&#x9EB;&#x9E8;] </subfield>
  </datafield>
  <datafield tag="300" ind1=" " ind2=" ">
    <subfield code="a"> &#x996;&#x9A3;&#x9CD;&#x9A1;. ; </subfield>
    <subfield code="c">&#x9E7;&#x9ED; &#x9B8;&#x9C7;&#x9AE;&#x9BF; . </subfield>
  </datafield>
  <datafield tag="505" ind1="0" ind2=" ">
    <subfield code="a">&#x996;&#x9A3;&#x9CD;&#x9A1; &#x9EB; </subfield>
  </datafield>
  <datafield tag="600" ind1=" " ind2=" ">
    <subfield code="a">&#x9A0;&#x9BE;&#x995;&#x9C1;&#x9B0;, &#x9B0;&#x9AC;&#x9C0;&#x9A8;&#x9CD;&#x9A6;&#x9CD;&#x9B0;&#x9A8;&#x9BE;&#x9A5;, </subfield>
    <subfield code="d">&#x9E7;&#x9EE;&#x9EC;&#x9E7;-&#x9E7;&#x9EF;&#x9EA;&#x9E7; </subfield>
    <subfield code="9">166154</subfield>
  </datafield>
  <datafield tag="600" ind1=" " ind2=" ">
    <subfield code="a">Tagore, Robindronath, </subfield>
    <subfield code="d">1861-1941 </subfield>
    <subfield code="9">166155</subfield>
  </datafield>
  <datafield tag="942" ind1=" " ind2=" ">
    <subfield code="2">ddc</subfield>
    <subfield code="c">BK</subfield>
  </datafield>
  <datafield tag="999" ind1=" " ind2=" ">
    <subfield code="c">55802</subfield>
    <subfield code="d">55802</subfield>
  </datafield>
  <datafield tag="952" ind1=" " ind2=" ">
    <subfield code="0">0</subfield>
    <subfield code="1">0</subfield>
    <subfield code="2">ddc</subfield>
    <subfield code="4">0</subfield>
    <subfield code="7">0</subfield>
    <subfield code="8">NFIC</subfield>
    <subfield code="a">RUCL</subfield>
    <subfield code="b">RUCL</subfield>
    <subfield code="c">Stack</subfield>
    <subfield code="d">1958-10-29</subfield>
    <subfield code="e">Das Gupta &amp; COm.</subfield>
    <subfield code="g">3.00</subfield>
    <subfield code="l">3</subfield>
    <subfield code="o">B 891.4414  TAC V-5 1945</subfield>
    <subfield code="r">2024-05-07 00:00:00</subfield>
    <subfield code="s">2024-04-21</subfield>
    <subfield code="t">C-2</subfield>
    <subfield code="w">2021-12-09</subfield>
    <subfield code="y">BK</subfield>
  </datafield>
  <datafield tag="952" ind1=" " ind2=" ">
    <subfield code="0">0</subfield>
    <subfield code="1">0</subfield>
    <subfield code="2">ddc</subfield>
    <subfield code="4">0</subfield>
    <subfield code="7">1</subfield>
    <subfield code="8">NFIC</subfield>
    <subfield code="a">RUCL</subfield>
    <subfield code="b">RUCL</subfield>
    <subfield code="c">Reading</subfield>
    <subfield code="d">1955-10-18</subfield>
    <subfield code="e">Mukurrum Pub.</subfield>
    <subfield code="g">5.10</subfield>
    <subfield code="l">0</subfield>
    <subfield code="o">B 891.4414  TAC V-5 1945</subfield>
    <subfield code="r">2017-04-26 00:00:00</subfield>
    <subfield code="t">C-1</subfield>
    <subfield code="w">2021-12-09</subfield>
    <subfield code="y">BK</subfield>
  </datafield>
</record>
